00730nam a2200181 a 450000500170000000800410001705000230005824500940008126000860017530000120026144000620027350000380033552000170037365000690039065000390045965000410049870000090053920140414093839.0040310s19uu xx 00 eng d aVHS 370bOR 09 t.1 aUsing standards to improve teaching and learning :bimproving roles and school structure. aAlexandria, Va :bAssociation for Supervision and Curriculum Development,cc2000. a30 min. aUsing standards to improve teaching and learning ; tape 1 aFacilitator's guide, Tapes 1,2,3. aLibrary has: aCurriculum planning (Standards-based education))xUnited States. aEffective teachingxUnited States. aEducationxStandardsxUnited States. aASCD